000 00293nam a22001337a 4500
008 181009b xxu||||| |||| 00| 0 eng d
020 _a605511
041 _aeng
080 _a101
100 _a24
101 _aFIL
245 _aDialogues of Modern Philosophy
_cDavis, P.E
942 _2udc
_cBK
999 _c49143
_d49143